Państwa, które mają walutę euro - Statystyki

Ogólne statystyki
  • Ten quiz został rozwiązany 103 razy
  • Średni wynik to 20 z 24
Statystyki odpowiedzi
Państwo % Poprawnych
Francja
96%
Niemcy
96%
Hiszpania
95%
Belgia
92%
Estonia
92%
Litwa
92%
Włochy
92%
Holandia
91%
Łotwa
91%
Słowacja
91%
Portugalia
89%
Chorwacja
88%
Austria
87%
Luksemburg
87%
Grecja
84%
Słowenia
83%
Andora
79%
Finlandia
76%
Irlandia
76%
Watykan
72%
Malta
69%
San Marino
68%
Monako
67%
Cypr
63%
Nie znaleziono quizów pasujących do podanych kryteriów
Rozkład punktacji
Procent ludzi z każdym wynikiem
Percentyl według liczby udzielonych odpowiedzi
Twoja historia wyników
Nie rozwiązałeś tego quizu